000 00239nam a2200097Ia 4500
001 650096
005 20250826154352.0
008 250824s9999 xx 000 0 und d
245 0 _aGanga Gökkuş Diz
_cGülten Dayıoğlu
260 _bALTIN
999 _c650096
_d650096